Statistiken für Top 15 Länder mit Covid-19-Todesfällen - 28. Mai

Klicken Sie hier um das Quiz zu spielen!

Allgemein

  • Dieses Quiz wurde 12 mal gespielt
  • Das Durchschnittsergebnis liegt bei 17 aus 21

Antwortstatistiken

Land% Korrekt
Brasilien
100%
China
100%
Frankreich
100%
Italien
100%
Kanada
100%
Vereinigte Staaten
100%
Deutschland
88%
Indien
88%
Mexiko
88%
Schweden
88%
Spanien
88%
Türkei
88%
Vereinigtes Königreich
88%
Belgien
75%
Iran
75%
Ecuador
63%
Irland
63%
Niederlande
63%
Peru
63%
Portugal
63%
Schweiz
63%

Verteilung der Resultate

Perzentil nach korrekt beantworteten Fragen

Anzahl Personen mit jedem Resultat

Ihre Resultats-Entwicklung

Sie haben dieses Quiz noch nicht gespielt